MARC details
| 000 -LEADER |
| fixed length control field |
02463cam a22002895a 4500 |
| 001 - CONTROL NUMBER |
| control field |
18844204 |
| 005 - DATE AND TIME OF LATEST TRANSACTION |
| control field |
20171018143003.0 |
| 008 - FIXED-LENGTH DATA ELEMENTS--GENERAL INFORMATION |
| fixed length control field |
151027s2016 enka frb f001 0 eng d |
| 020 ## - INTERNATIONAL STANDARD BOOK NUMBER |
| International Standard Book Number |
9780198708742 |
| 020 ## - INTERNATIONAL STANDARD BOOK NUMBER |
| International Standard Book Number |
0198708742 |
| 040 ## - CATALOGING SOURCE |
| Original cataloging agency |
DLC |
| Transcribing agency |
DLC |
| Modifying agency |
DLC |
| -- |
EG-ScBUE |
| Language of cataloging |
eng |
| 043 ## - GEOGRAPHIC AREA CODE |
| Geographic area code |
aw----- |
| 082 04 - DEWEY DECIMAL CLASSIFICATION NUMBER |
| Edition number |
22 |
| Classification number |
327.5600904 |
| Item number |
INT |
| 245 00 - TITLE STATEMENT |
| Title |
International relations of the Middle East / |
| Statement of responsibility, etc |
edited by Louise Fawcett. |
| 250 ## - EDITION STATEMENT |
| Edition statement |
4th ed. |
| 260 ## - PUBLICATION, DISTRIBUTION, ETC. (IMPRINT) |
| Place of publication, distribution, etc |
Oxford : |
| Name of publisher, distributor, etc |
Oxford University Press, |
| Date of publication, distribution, etc |
c.2016. |
| 300 ## - PHYSICAL DESCRIPTION |
| Extent |
xv, 446 p. : |
| Other physical details |
ill. ; |
| Dimensions |
25 cm. |
| 500 ## - GENERAL NOTE |
| General note |
Previous edition: 2013. |
| 504 ## - BIBLIOGRAPHY, ETC. NOTE |
| Bibliography, etc |
Includes bibliographical references and index. |
| 505 00 - FORMATTED CONTENTS NOTE |
| Title |
Introduction : the Middle East and international relations / |
| Statement of responsibility |
Louise Fawcett -- |
| Miscellaneous information |
Part 1. Theoretical and historical overview. |
| Title |
International relations theory and the Middle East / |
| Statement of responsibility |
Fred H. Lawson ; |
| Title |
The emergence of the MIddle East into the modern state system / |
| Statement of responsibility |
Eugene L. Rogan ; |
| Title |
The Cold War in the Middle East / |
| Statement of responsibility |
Peter Sluglett ; |
| Title |
The Middle East since the Cold War : the multi-layered (in)security dilemma / |
| Statement of responsibility |
Bahgat Korany -- |
| Miscellaneous information |
Part 2. Themes in international relations and international political economy. |
| Title |
Oil and political economy in the international relations of the Middle East / |
| Statement of responsibility |
Giacomo Luciani ; |
| Title |
The puzzle of political reform in the Middle East / |
| Statement of responsibility |
Augustus Richard Norton ; |
| Title |
The politics of identity in Middle East international relations / |
| Statement of responsibility |
Raymond Hinnebusch ; |
| Title |
Islam and international relations in the Middle East : from umma to nation state / |
| Statement of responsibility |
Peter Mandaville ; |
| Title |
Alliances and regionalism in the Middle East / |
| Statement of responsibility |
Louise Fawcett ; |
| Title |
Middle East security : conflict and securitization of identities / |
| Statement of responsibility |
Marina Calculli with Matteo Legrenzi -- |
| Miscellaneous information |
Part 3. Key issues and actors. |
| Title |
Foreign policymaking in the Middle East : complex realism / |
| Statement of responsibility |
Raymond Hinnebusch and Anoushiravan Ehteshami ; |
| Title |
The Arab-Israeli conflict / |
| Statement of responsibility |
Charles Smith ; |
| Title |
The rise and fall of the Oslo peace process / |
| Statement of responsibility |
Avi Shlaim ; |
| Title |
The international politics of the Gulf / |
| Statement of responsibility |
Matteo Legrenzi and F. Gregory Gause III ; |
| Title |
The Arab Spring : the 'people' in international relations / |
| Statement of responsibility |
Larbi Sadiki ; |
| Title |
The United States in the Middle East / |
| Statement of responsibility |
Michael C. Hudson ; |
| Title |
Europe in the Middle East / |
| Statement of responsibility |
Rosemary Hollis. |
| 650 ## - SUBJECT ADDED ENTRY--TOPICAL TERM |
| Source of heading or term |
BUEsh |
| 651 #7 - SUBJECT ADDED ENTRY--GEOGRAPHIC NAME |
| Geographic name |
Middle East |
| General subdivision |
Foreign relations. |
| Source of heading or term |
BUEsh |
| 9 (RLIN) |
13921 |
| 653 ## - INDEX TERM--UNCONTROLLED |
| Resource For college |
BAEPS, Political Science |
| Arrived date list |
October2017 |
| 655 ## - INDEX TERM--GENRE/FORM |
| Form subdivision |
Text book |
| -- |
33728 |
| 700 1# - ADDED ENTRY--PERSONAL NAME |
| Personal name |
Fawcett, Louise L'Estrange, |
| Relator term |
editor. |
| 942 ## - ADDED ENTRY ELEMENTS (KOHA) |
| Source of classification or shelving scheme |
Dewey Decimal Classification |